Las tres cosas del tío Juan / (Record no. 113617)

MARC details
000 -LEADER
campo de control de longitud fija 00426nam a2200157 4500
001 - NÚMERO DE CONTROL
campo de control 113617
003 - IDENTIFICADOR DE NÚMERO DE CONTROL
campo de control ES-MaACL
005 - FECHA Y HORA DE LA ÚLTIMA TRANSACCIÓN
campo de control 20251005063107.0
007 - CAMPO FIJO DE DESCRIPCIÓN FÍSICA--INFORMACIÓN GENERAL
campo de control de longitud fija t|
008 - DATOS DE LONGITUD FIJA--INFORMACIÓN GENERAL
campo de control de longitud fija 061121s1916 sp r ||||1| spa d
100 1# - ENTRADA PRINCIPAL--NOMBRE DE PERSONA
Nombre de persona Nogales, José,
Fechas asociadas al nombre 1860-1908
9 (RLIN) 85840
245 14 - MENCIÓN DEL TÍTULO
Título Las tres cosas del tío Juan /
Mención de responsabilidad, etc. José Nogales.
260 ## - PUBLICACIÓN, DISTRIBUCIÓN, ETC.
Lugar de publicación, distribución, etc. Madrid :
Nombre del editor, distribuidor, etc. [s.n.],
Fecha de publicación, distribución, etc. 1916.
852 ## - LOCALIZACIÓN
Ubicación ES-MaACL
Número de control de estantería 1508-F-9
Holdings
Estatus retirado Estado de pérdida Estado de daño No para préstamo Colección Biblioteca de origen Biblioteca actual Ubicación en estantería Fecha de adquisición Fuente de adquisición Total de préstamos Signatura topográfica completa Código de barras Visto por última vez Precio de reemplazo Tipo de ítem Koha
        Colección de folletos Biblioteca del Ateneo de Madrid Biblioteca del Ateneo de Madrid Depósito folletos 17/01/2008     1508-F-9 1118494 23/02/2023 23/02/2023 Folleto